| 000 | 00000nam##2200000za#4500 |
| 001 | 9.633831 |
| 003 | CaOODSP |
| 005 | 20210624215520 |
| 007 | cr ||||||||||| |
| 008 | 150407|2007||||xxc|||||o f|0| 0 fre|d |
| 020 | |a978-0-662-73653-0 |
| 040 | |aCaOODSP|bfre |
| 043 | |an-cn--- |
| 086 | 1 |aP103-2/2007F-PDF |
| 110 | 1 |aCanada.|bTravaux publics et Services gouvernementaux Canada. |bDirection générale des services d'information du gouvernement. |
| 245 | 10|aPratiques exemplaires en recherche sur l'opinion publique : |h[ressource électronique]|baméliorer la participation des réspondants aux sondages téléphonique |
| 260 | |aOttawa - Ontario : |bTravaux publics et Services gouvernementaux Canada. |cMars 2007. |
| 300 | |a64p.|bfigures, tableaux |
| 504 | |aBibliographie. |
| 590 | |a11-11-Supp|b2011-07-13 |
| 691 | 07|aOpinion publique|2gcpds |
| 775 | 08|tBest practices in public opinion research : |w(CaOODSP)9.689418 |
| 856 | 40|ahttp://publications.gc.ca|qPDF|s577 Ko|uhttps://publications.gc.ca/collections/collection_2011/tpsgc-pwgsc/P103-2-2007-fra.pdf |